00317pam a2200109 a 4500020000500000041000500005082001500010100002000025245011900045260002600164300001700190 c h a659.1bCOO aHarvey R. Cook. aHow to make Small Business Advessrtising Playb How to make Small Business Advessrtising PlayhTextual Documents a[s.l]:bchecker books a127:bpaper.